Prioritization, delegation, and assignment: practice exercises for medical-surgical nursing. / (Record no. 9596)
[ view plain ]
| 000 -LEADER | |
|---|---|
| fixed length control field | 02301cam a22004094a 4500 |
| 001 - CONTROL NUMBER | |
| control field | 15963556 |
| 003 - CONTROL NUMBER IDENTIFIER | |
| control field | OSt |
| 005 - DATE AND TIME OF LATEST TRANSACTION | |
| control field | 20230505121420.0 |
| 008 - FIXED-LENGTH DATA ELEMENTS--GENERAL INFORMATION | |
| fixed length control field | 091027s2011 mou b 000 0 eng |
| 020 ## - INTERNATIONAL STANDARD BOOK NUMBER | |
| International Standard Book Number | 0323044077 |
| 020 ## - INTERNATIONAL STANDARD BOOK NUMBER | |
| International Standard Book Number | 9780323044073 |
| 035 ## - SYSTEM CONTROL NUMBER | |
| System control number | (DNLM)101518227 |
| 040 ## - CATALOGING SOURCE | |
| Original cataloging agency | DNLM/DLC |
| Transcribing agency | LC |
| Modifying agency | DLC |
| 042 ## - AUTHENTICATION CODE | |
| Authentication code | pcc |
| 050 00 - LIBRARY OF CONGRESS CALL NUMBER | |
| Classification number | RT55.L33 |
| 060 00 - NATIONAL LIBRARY OF MEDICINE CALL NUMBER | |
| Classification number | WY18.2 |
| 082 00 - DEWEY DECIMAL CLASSIFICATION NUMBER | |
| Classification number | 610.73076 |
| Edition number | 22 |
| 100 1# - MAIN ENTRY--PERSONAL NAME | |
| Personal name | LaCharity, Linda A. |
| 9 (RLIN) | 1440 |
| 245 10 - TITLE STATEMENT | |
| Title | Prioritization, delegation, and assignment: practice exercises for medical-surgical nursing. / |
| Statement of responsibility, etc. | Linda A. LaCharity, Candice K. Kumagai, Barbara Bartz. |
| 260 ## - PUBLICATION, DISTRIBUTION, ETC. | |
| Place of publication, distribution, etc. | St. Louis, Mo. : |
| Name of publisher, distributor, etc. | Mosby, |
| Date of publication, distribution, etc. | 2006. |
| 300 ## - PHYSICAL DESCRIPTION | |
| Extent | vii, 212 p. ; |
| Dimensions | 28 cm. |
| 505 ## - FORMATTED CONTENTS NOTE | |
| Formatted contents note | Contents: Introduction: Guidelines for prioritization, delegation and assignment decisions -- Prioritization, delegation and assignment in common health problems: Pain -- Cancer -- Fluid, electrolyte and acid-base problems -- Immunologic problems -- Respiratory problems -- Cardiovascular Problems -- Hematologic problems -- Neurologic problems -- Visual and auditory problems -- Musculoskeletal problems -- Gastrointestinal and nutritional problems -- Endocrine problems -- Integumentary problems -- Renal and urinary problems -- Reproductive problems -- Medical-surgical problems -- Prioritization, delegation and assignment in complex health scenarios: Chest pressure, indigestion, nausea and vomiting -- Dyspnea and shortness of bretah -- |
| 650 #0 - SUBJECT ADDED ENTRY--TOPICAL TERM | |
| Topical term or geographic name entry element | Nursing |
| Form subdivision | Problems, exercises, etc. |
| 9 (RLIN) | 1441 |
| 650 12 - SUBJECT ADDED ENTRY--TOPICAL TERM | |
| Topical term or geographic name entry element | Nursing Care |
| General subdivision | organization & administration |
| Form subdivision | Case Reports. |
| 9 (RLIN) | 1442 |
| 650 12 - SUBJECT ADDED ENTRY--TOPICAL TERM | |
| Topical term or geographic name entry element | Nursing Care |
| General subdivision | organization & administration |
| Form subdivision | Examination Questions. |
| 9 (RLIN) | 1443 |
| 650 22 - SUBJECT ADDED ENTRY--TOPICAL TERM | |
| Topical term or geographic name entry element | Decision Making |
| Form subdivision | Case Reports. |
| 9 (RLIN) | 1444 |
| 650 22 - SUBJECT ADDED ENTRY--TOPICAL TERM | |
| Topical term or geographic name entry element | Decision Making |
| Form subdivision | Examination Questions. |
| 9 (RLIN) | 1445 |
| 650 22 - SUBJECT ADDED ENTRY--TOPICAL TERM | |
| Topical term or geographic name entry element | Delegation, Professional |
| Form subdivision | Case Reports. |
| 9 (RLIN) | 1446 |
| 650 22 - SUBJECT ADDED ENTRY--TOPICAL TERM | |
| Topical term or geographic name entry element | Delegation, Professional |
| Form subdivision | Examination Questions. |
| 9 (RLIN) | 1447 |
| 650 22 - SUBJECT ADDED ENTRY--TOPICAL TERM | |
| Topical term or geographic name entry element | Nurse's Role |
| Form subdivision | Case Reports. |
| 9 (RLIN) | 1448 |
| 650 22 - SUBJECT ADDED ENTRY--TOPICAL TERM | |
| Topical term or geographic name entry element | Nurse's Role |
| Form subdivision | Examination Questions. |
| 9 (RLIN) | 1449 |
| 700 1# - ADDED ENTRY--PERSONAL NAME | |
| Personal name | Kumagai, Candice K. |
| 9 (RLIN) | 1450 |
| 700 1# - ADDED ENTRY--PERSONAL NAME | |
| Personal name | Bartz, Barbara. |
| 9 (RLIN) | 1451 |
| 906 ## - LOCAL DATA ELEMENT F, LDF (RLIN) | |
| a | 7 |
| b | cbc |
| c | orignew |
| d | 1 |
| e | ecip |
| f | 20 |
| g | y-gencatlg |
| 942 ## - ADDED ENTRY ELEMENTS (KOHA) | |
| Source of classification or shelving scheme | Library of Congress Classification |
| Koha item type | Books |
| Withdrawn status | Lost status | Source of classification or shelving scheme | Damaged status | Not for loan | Home library | Current library | Shelving location | Date acquired | Total Checkouts | Full call number | Barcode | Date last seen | Price effective from | Koha item type |
|---|---|---|---|---|---|---|---|---|---|---|---|---|---|---|
| Library of Congress Classification | WISCONSIN INTERNATIONAL UNIVERSITY COLLEGE, GHANA KUMASI LIBRARY | WISCONSIN INTERNATIONAL UNIVERSITY COLLEGE, GHANA KUMASI LIBRARY | nursing | 09/02/2023 | RT55.L33 | KSN/1164/111/23 | 05/05/2023 | 05/05/2023 | Books |
